UBT Library

ECOTOPIA (Record no. 59592)

000 -LEADER
fixed length control field 00330nam a22001457a 4500
008 - FIXED-LENGTH DATA ELEMENTS--GENERAL INFORMATION
fixed length control field 230418b ||||| |||| 00| 0 eng d
020 ## - INTERNATIONAL STANDARD BOOK NUMBER
International Standard Book Number 2900960432010
041 ## - LANGUAGE CODE
Language code of text/sound track or separate title eng
080 ## - UNIVERSAL DECIMAL CLASSIFICATION NUMBER
Edition identifier 30TH ANNIVERSARY EDITION
Universal Decimal Classification number 339
082 ## - DEWEY DECIMAL CLASSIFICATION NUMBER
Classification number 339CAL
100 ## - Rafti
Rafti 44
101 ## - Shkurtesa
Shkurtesa ENCI
245 ## - TITLE STATEMENT
Title ECOTOPIA
Statement of responsibility, etc CALLENBACH.E
942 ## - ADDED ENTRY ELEMENTS (KOHA)
Source of classification or shelving scheme
Item type Books
Holdings
Withdrawn status Lost status Source of classification or shelving scheme Damaged status Not for loan Collection code Permanent location Current location Date acquired Total Checkouts Full call number Barcode Date last seen Price effective from Koha item type Shelving location
          Koleksioni i përgjithshem UBT - Lipjan UBT - Lipjan 04/18/2023   339CAL 002-80007023 04/18/2023 04/18/2023 Books  
          Koleksioni i përgjithshem UBT - Lipjan UBT - Lipjan 04/18/2023   339CAL 002-80007024 04/18/2023 04/18/2023 Books  
          Koleksioni i përgjithshem UBT - Lipjan UBT - Lipjan 04/18/2023   339CAL 002-80007025 04/18/2023 04/18/2023 Books  
          Koleksioni i përgjithshem UBT - Lipjan UBT - Lipjan 04/18/2023   339CAL 002-80007026 04/18/2023 04/18/2023 Books  
          Koleksioni i përgjithshem UBT - Lipjan UBT - Lipjan 04/18/2023   339CAL 002-80007027 04/18/2023 04/18/2023 Books  
          Koleksioni i përgjithshem UBT - Lipjan UBT - Lipjan 04/18/2023   339CAL 002-80007028 04/18/2023 04/18/2023 Books  
          Koleksioni i përgjithshem UBT - Lipjan UBT - Lipjan 05/16/2023   339CAL 002-800080267 05/16/2023 05/16/2023 Books Koleksioni i përgjithshem
UBT Library © 2015-2024. All rights reserved University Education for Business and Technology